00362 2200157 4500245003900000020002200039250001100061100001000072650001600082005001900098260004100117041001400158084000800172300001500180336000900195 aWhile U Were SleepingcRaniehText a978-979-27-1385-5 aCet. 1 aRanie aNovel Fiksi a20230113083800 aJakartabElex Media Komputindoc2007 aIndonesia a813 a101 hlm. : atext